00440nam a2200181Ia 4500008004100000020001800041050001600059100001900075245004800094245002200142260001500164260001600179260000900195300001600204300002000220300001000240500000800250170918s9999 xx 000 0 und d a9780439776974 bS897an 2008 aStrasser, Todd aIs that an angry penguin in your gym bag? / cby Todd Strasser. aNew York : bScholastic, c2008 a196 pages : billustrations ; c19cm. a800